Torschützenkönige der Fußball-Bundesliga - Sudden Death - Statistiken

Allgemein
  • Dieses Quiz wurde 1.119 mal gespielt
  • Das Durchschnittsergebnis liegt bei 5 aus 16
Answers on the Grid
Answers color-coded by a green-red scale on the quiz's grid according to % correct below.
Alex Meier
Yussuf Poulsen
Vedad Ibišević
Andreas Thom
Oliver Neuville
Thomas Müller
Stefan Kießling
Edin Džeko
Oliver Bierhoff
Mario Gómez
Michael Zorc
Bernd Hölzenbein
Klaas-Jan Huntelaar
Manfred Burgsmüller
Claudio Pizarro
Anthony Yeboah
Salomon Kalou
Rudolf Brunnenmeier
Uwe Seeler
Marco Reus
Niclas Füllkrug
Bruno Labbadia
Lothar Emmerich
Fredi Bobic
Michael Preetz
Giovane Élber
Theofanis Gekas
Erling Haaland
Pál Dardai
Ciro Immobile
Miroslav Klose
Luka Jović
Thomas Christiansen
Marcelinho
Serhou Guirassy
Andrej Kramarić
 
Antwortstatistiken
Antwort % Korrekt
Alex Meier
79%
Mario Gómez
59%
Klaas-Jan Huntelaar
53%
Stefan Kießling
52%
Edin Džeko
51%
Niclas Füllkrug
51%
Miroslav Klose
30%
Uwe Seeler
30%
Giovane Élber
29%
Theofanis Gekas
24%
Thomas Christiansen
16%
Michael Preetz
12%
Anthony Yeboah
11%
Fredi Bobic
11%
Lothar Emmerich
10%
Rudolf Brunnenmeier
7%
Keine übereinstimmenden Quizze gefunden
Verteilung der Resultate
Anzahl Personen mit jedem Resultat
Perzentil nach korrekt beantworteten Fragen
Ihre Resultats-Entwicklung
Sie haben dieses Quiz noch nicht gespielt